Patologia de la construccion : (Registro nro. 323105)

Detalles MARC
000 -ENCABEZADO
Número de control [NR] 00757nam a22002057a 4500
005 - FECHA Y HORA DE LA ÚLTIMA TRANSACCIÓN
control field 20240830112015.0
008 - DE LONGITUD FIJA DE DATOS DE ELEMENTOS - INFORMACIÓN GENERAL
Elementos de longitud fija [NR] 230830b ||||| |||| 00| 0 eng d
020 ## - NUMERO INTERNACIONAL NORMALIZADO PARA LIBROS [R]
Número Internacional Normalizado del libro [NR] 9786289513004
040 ## - FUENTE DE CATALOGACION [NR]
Agencia de catalogación original [NR] CO-BoUCM
Quien Cataloga David Moreno
Quien Clasifica David Moreno
041 ## - CODIGO DE IDIOMA [R]
Código de idioma para texto/pista de sonido o título separado [R] Español
100 1# - ASIENTO PRINCIPAL--NOMBRE PERSONAL [NR]
Nombre personal [NR] Arango Londoño, Juan Fernando
ID Autoridad 178659
245 10 - MENCION DE TITULO [NR]
Título [NR] Patologia de la construccion :
Parte restante del título [NR] fundamentos /
Mención de responsabilidad, etc. [NR] Juan Fernando Arango Londoño
250 ## - MENCION DE EDICION [NR]
Mención de edición [NR] 1a.ed.
260 ## - PUBLICACION, DISTRIBUCION, ETC. (PIE DE IMPRENTA) [R]
Lugar de publicación, distribución, etc. [R] Medellin, COL
Nombre del editor, distribuidor, etc. [R] Cemento ALION
Fecha de publicación, distribución, etc. [R] 2022
300 ## - DESCRIPCION FISICA [R]
Extensión [R] 242 Paginas
650 17 - ASIENTO SECUNDARIO DE MATERIA - TERMINO TEMATICO [R]
Término temático o nombre geográfico como elemento de entrada [NR] Construcciones
Subdivisión general [R] Reparacion y resconstruccion
-- Fundamentos
9 (RLIN) 178660
650 17 - ASIENTO SECUNDARIO DE MATERIA - TERMINO TEMATICO [R]
Término temático o nombre geográfico como elemento de entrada [NR] Ingeniería arquitectónica
Subdivisión general [R] Edificación
-- Mantenimiento
9 (RLIN) 178661
942 ## - ELEMENTOS DE ENTRADA AGREGADOS (KOHA)
Sistema de clasificación DEWEY
Tema principal Generalidades
Tipo de ítem principal el descrito en 300a Libro
Edición 1
Clasificación 690
Parte restante de la signatura top. A662p
Título oculto en OPAC No
Existencias
Signatura topográfica Código de barras Última vez visto Ejemplar Price effective from Tipo de ítem Perdido Sistema de clasificación Dañado No prestable Tipo de ítem específico Suprimido Ubicación habitual Ubicación actual Localización Fecha de creación Forma de adquisición Costo
690 A662p 100171702 04/12/2025 Ej.1 30/08/2023 Libro   DEWEY     Libro   Claustro Claustro 4to piso 30/08/2023 Donación 26000.00